| 000 -ლიდერი |
| ფიქსირებული სიგრძის საკონტროლო ველი |
01016nam a22002057a 4500 |
| 003 - საკონტროლო ნომრის იდენტიფიკატორი |
| საკონტროლო ველი |
Ge_BSU |
| 005 - ბოლო ოპერაციის თარიღი და დრო |
| საკონტროლო ველი |
20230309115446.0 |
| 008 - ფიქსირებული სიგრძის მონაცემთა ელემენტები - ზოგადი ინფორმაცია |
| ფიქსირებული სიგრძის საკონტროლო ველი |
230309s2003 ge ||||| |||| 00| 0 geo d |
| 041 ## - ენის კოდი |
| Language code of text/sound track or separate title |
geo |
| 080 ## - უნივერსალური ათობითი კლასიფიკაციის ინდექსი |
| Universal Decimal Classification number |
327.7:339.32 ქ-30 |
| 100 ## - მთავარი ჩანაწერი - პიროვნების სახელი |
| Personal name |
ქარუმიძე, ვახტანგ |
| 9 (RLIN) |
16939 |
| 245 ## - ცნობა სათაურის შესახებ |
| Title |
საერთაშორისო ორგანიზაციები : |
| Remainder of title |
[სახელმძღვ. სახ. უნ-ტის სტუდ.] / |
| Statement of responsibility, etc |
ვახტანგ ქარუმიძე; [რედ.: ომარ გოგიაშვილი]. |
| 250 ## - გამოცემის ცნობა |
| Edition statement |
მე-3 გამოც. (შევს., შესწ.). |
| 264 ## - წარმოების, გამოცემის, დისტრიბუციის და სხვა ცნობები |
| გამოცემის, წარმოების, დისტრიბუციის... ადგილი |
თბილისი : |
| გამოცემის, წარმოების, დისტრიბუციის... სახელწოდება |
ცოდნა, |
| გამოცემის, წარმოების, დისტრიბუციის... თარიღი |
2003. |
| 300 ## - ფიზიკური აღწერა |
| Extent |
415 გვ. ; |
| Other physical details |
20 სმ. |
| 504 ## - BIBLIOGRAPHY, ETC. NOTE |
| Bibliography, etc |
ბიბლიოგრ.: გვ. 392-393. |
| 653 ## - INDEX TERM--UNCONTROLLED |
| Uncontrolled term |
საერთაშორისო ორგანიზაციები |
| 700 ## - ADDED ENTRY--PERSONAL NAME |
| Personal name |
ოგიაშვილი, ომარ |
| Relator term |
რედაქტორი |
| 9 (RLIN) |
17142 |
| 942 ## - ADDED ENTRY ELEMENTS (KOHA) |
| Source of classification or shelving scheme |
|
| Koha item type |
წიგნი |